Statistiques concernant Les 20 plus gros transferts de l'AS Rome

Cliquez ici pour prendre le quiz!

Statistiques générales

  • Ce quiz a été pris 59 fois
  • Le résultat moyen est 6 sur 20

Statistiques - réponses

ClubTransfertClubJoueur% Correct
Rome42MLiverpoolSalah
98%
Rome62.50MLiverpoolAlisson
79%
Rome31.40MPsgMarquinhos
57%
Chelsea41MRomeAbraham
45%
Rome35MChelseaRudiger
34%
Rome30MAl-AlhiIbanez
30%
Rome38MInter MilanNainggolan
25%
Rome36MNaplesManolas
23%
Rome32MJuventusPjanic
23%
Rome26.50MBayer 04Schick
23%
Sampdoria42MRomeSchick
23%
Fiorentina36.15MRomeBatistuta
19%
Rome28MBayernBenatia
19%
Bari31MRomeCassano
19%
Juventus29.50MRomeSpinazzola
19%
Rome30MTottenhamLamela
13%
Rome28MJuventusEmerson
9%
Hellas Verone26.50MRomeKumbulla
9%
Seville26.65MRomeNzonzi
8%
Rome28.40MParmeNakata
2%

Distribution des résultats

Percentile par nombre de réponses

% des personnes avec chaque résultat

Votre développement - résultats

Vous n’avez pas pris ce quiz